<?xml version="1.0" encoding="UTF-8"?>
<record
    xmlns:xsi="http://www.w3.org/2001/XMLSchema-instance"
    xsi:schemaLocation="http://www.loc.gov/MARC21/slim http://www.loc.gov/standards/marcxml/schema/MARC21slim.xsd"
    xmlns="http://www.loc.gov/MARC21/slim">

  <leader>02164nam a22004334i 4500</leader>
  <datafield tag="952" ind1=" " ind2=" ">
    <subfield code="0">0</subfield>
    <subfield code="1">0</subfield>
    <subfield code="2">ddc</subfield>
    <subfield code="4">0</subfield>
    <subfield code="7">0</subfield>
    <subfield code="8">GEN</subfield>
    <subfield code="a">FUSBC</subfield>
    <subfield code="b">FUSBC</subfield>
    <subfield code="d">2018-11-02</subfield>
    <subfield code="l">3</subfield>
    <subfield code="o">G 222.707 R261e</subfield>
    <subfield code="p">3921</subfield>
    <subfield code="r">2023-11-04 00:00:00</subfield>
    <subfield code="s">2022-05-28</subfield>
    <subfield code="t">Ej. 1</subfield>
    <subfield code="w">2018-11-02</subfield>
    <subfield code="y">BK</subfield>
    <subfield code="I">INV2023</subfield>
  </datafield>
  <datafield tag="999" ind1=" " ind2=" ">
    <subfield code="c">64690</subfield>
    <subfield code="d">64690</subfield>
  </datafield>
  <controlfield tag="001">bimo0000344861</controlfield>
  <controlfield tag="003">SpMaBN</controlfield>
  <controlfield tag="005">20181102072236.0</controlfield>
  <controlfield tag="008">861204s19860000sp            001  bspa  </controlfield>
  <datafield tag="017" ind1=" " ind2=" ">
    <subfield code="a">B 1949-1986</subfield>
    <subfield code="b">Oficina Dep&#xF3;sito Legal Barcelona</subfield>
  </datafield>
  <datafield tag="020" ind1=" " ind2=" ">
    <subfield code="a">8476450796</subfield>
  </datafield>
  <datafield tag="040" ind1=" " ind2=" ">
    <subfield code="a">IBH</subfield>
    <subfield code="b">spa</subfield>
    <subfield code="e">rdc</subfield>
    <subfield code="c">CO-MdFUSB</subfield>
    <subfield code="d">CO-MdFUSBC</subfield>
  </datafield>
  <datafield tag="041" ind1="1" ind2=" ">
    <subfield code="a">spa</subfield>
    <subfield code="h">spa</subfield>
  </datafield>
  <datafield tag="080" ind1=" " ind2=" ">
    <subfield code="a">222.7/.8.07</subfield>
  </datafield>
  <datafield tag="080" ind1=" " ind2=" ">
    <subfield code="a">92 Esdras</subfield>
  </datafield>
  <datafield tag="080" ind1=" " ind2=" ">
    <subfield code="a">92 Nehem&#xED;as</subfield>
  </datafield>
  <datafield tag="082" ind1=" " ind2=" ">
    <subfield code="2">23</subfield>
    <subfield code="a">222.707</subfield>
    <subfield code="b">R261</subfield>
  </datafield>
  <datafield tag="100" ind1="1" ind2=" ">
    <subfield code="a">Rawlinson, George</subfield>
    <subfield code="d">1812-1902</subfield>
    <subfield code="e">autor</subfield>
  </datafield>
  <datafield tag="245" ind1=" " ind2="0">
    <subfield code="a">Esdras y Nehem&#xED;as</subfield>
    <subfield code="c">/ Jorge Rawlinson ; traductor Sara A. Hale</subfield>
  </datafield>
  <datafield tag="264" ind1=" " ind2="1">
    <subfield code="a">Terrassa (Barcelona)</subfield>
    <subfield code="b">Clie,</subfield>
    <subfield code="c">&#x2117;[1986]</subfield>
  </datafield>
  <datafield tag="300" ind1=" " ind2=" ">
    <subfield code="a">223 p&#xE1;ginas ;</subfield>
    <subfield code="c">20 cm</subfield>
  </datafield>
  <datafield tag="336" ind1=" " ind2=" ">
    <subfield code="2">rdacontent</subfield>
    <subfield code="a">texto</subfield>
    <subfield code="b">txt</subfield>
  </datafield>
  <datafield tag="337" ind1=" " ind2=" ">
    <subfield code="2">rdamedia</subfield>
    <subfield code="a">sin mediaci&#xF3;n</subfield>
    <subfield code="b">n</subfield>
  </datafield>
  <datafield tag="338" ind1=" " ind2=" ">
    <subfield code="2">rdacarrier</subfield>
    <subfield code="a">volumen</subfield>
    <subfield code="b">nc</subfield>
  </datafield>
  <datafield tag="490" ind1=" " ind2=" ">
    <subfield code="a">Cl&#xE1;sicos evang&#xE9;licos</subfield>
  </datafield>
  <datafield tag="505" ind1=" " ind2=" ">
    <subfield code="t">Esdras.</subfield>
    <subfield code="a">Nacimiento y educaci&#xF3;n -- Primeras relaciones con el gobierno -- Relaciones con Artajerjes Longimano -- Esdras como gobernador de Jud&#xE1; -- Relaciones con Nehem&#xED;as -- Trabajos literarios -- Vida posterior muerte y car&#xE1;cter </subfield>
  </datafield>
  <datafield tag="505" ind1=" " ind2=" ">
    <subfield code="t">Nehem&#xED;as.</subfield>
    <subfield code="a">Alcurnia y lugar probable de su nacimiento -- Posici&#xF3;n en la corte de Artajerjes Longimano -- Su viaje a Jerusal&#xE9;m&#x2014;Reparaci&#xF3;n de los muros -- Condici&#xF3;n material del pueblo Jud&#xED;o -- Condici&#xF3;n religiosa del pueblo Jud&#xED;o -- Primera reforma de la religi&#xF3;n bajo Nehem&#xED;as -- Llamado de nuevo a la corte y los resultados de este llamamiento -- Segunda reforma de la religi&#xF3;n por Nehem&#xED;as -- Otros actos del gobernador civil -- Leyenda acerca de Nehem&#xED;as -- Car&#xE1;cter y trabajos de Nehem&#xED;as</subfield>
  </datafield>
  <datafield tag="563" ind1=" " ind2=" ">
    <subfield code="a">Tapa dura</subfield>
  </datafield>
  <datafield tag="630" ind1=" " ind2="7">
    <subfield code="a">Biblia.</subfield>
    <subfield code="p">Esdras</subfield>
    <subfield code="x">Historia y cr&#xED;tica</subfield>
  </datafield>
  <datafield tag="630" ind1=" " ind2="7">
    <subfield code="a">Biblia.</subfield>
    <subfield code="p">Nehem&#xED;as</subfield>
    <subfield code="x">Historia y cr&#xED;tica</subfield>
  </datafield>
  <datafield tag="700" ind1=" " ind2=" ">
    <subfield code="a">Hale, Sara A.</subfield>
    <subfield code="e">traductor</subfield>
  </datafield>
  <datafield tag="942" ind1=" " ind2=" ">
    <subfield code="c">BK</subfield>
  </datafield>
  <datafield tag="956" ind1=" " ind2=" ">
    <subfield code="a">1 2</subfield>
  </datafield>
  <datafield tag="980" ind1=" " ind2=" ">
    <subfield code="a">B 1949-1986</subfield>
    <subfield code="a">84-7645-079-6</subfield>
    <subfield code="a">M-BN</subfield>
    <subfield code="b">BNMADRID</subfield>
    <subfield code="j">3/86639</subfield>
    <subfield code="c">SG_RECOLET</subfield>
  </datafield>
  <datafield tag="980" ind1=" " ind2=" ">
    <subfield code="a">B 1949-1986</subfield>
    <subfield code="a">M-BN</subfield>
    <subfield code="b">BNALCALA</subfield>
    <subfield code="j">AHM/56709</subfield>
    <subfield code="c">SALA_ALC</subfield>
  </datafield>
  <datafield tag="980" ind1=" " ind2=" ">
    <subfield code="a">B 1949-1986</subfield>
    <subfield code="a">84-7645-079-6</subfield>
    <subfield code="a">M-BN</subfield>
    <subfield code="b">BNALCALA</subfield>
    <subfield code="j">DL/301684</subfield>
    <subfield code="c">CONSERVACI</subfield>
  </datafield>
</record>
